ՀՀ Գիտությունների ազգային ակադեմիայի հիմնարար գիտական գրադարան  =   Fundamental Scientific Library of NAS RA

Hermann und Dorothea(Герман и Доротея. Гете) / (Record no. 377650)

MARC details
000 -LEADER
fixed length control field 01092nam a2200241 a 4500
001 - CONTROL NUMBER
control field 001186653
003 - CONTROL NUMBER IDENTIFIER
control field AM-YeHGA
005 - DATE AND TIME OF LATEST TRANSACTION
control field 20250618074618.0
008 - FIXED-LENGTH DATA ELEMENTS--GENERAL INFORMATION
fixed length control field 161102s1893 ru r 000 0 ger d
040 ## - CATALOGING SOURCE
Original cataloging agency AM-YeHGA
041 0# - LANGUAGE CODE
Language code of text/sound track or separate title ger
-- rus
090 ## - LOCALLY ASSIGNED LC-TYPE CALL NUMBER (OCLC); LOCAL CALL NUMBER (RLIN)
-- 379562
100 1# - MAIN ENTRY--PERSONAL NAME
Personal name Goethe , Johan Wolfgang
245 10 - TITLE STATEMENT
Title Hermann und Dorothea(Герман и Доротея. Гете) /
Statement of responsibility, etc. Goethe;Текст со сведениями, примечаниями и словарем объяснил Макс Фишер.
246 14 - VARYING FORM OF TITLE
Title proper/short title Герман и Доротея. Гете
250 ## - EDITION STATEMENT
Edition statement 2е изд.
260 ## - PUBLICATION, DISTRIBUTION, ETC.
Place of publication, distribution, etc. С.-Петербург :
Name of publisher, distributor, etc. Изд. С.А. Манштейна,
Date of publication, distribution, etc. 1893.
300 ## - PHYSICAL DESCRIPTION
Extent [142] с.
440 #0 - SERIES STATEMENT/ADDED ENTRY--TITLE
Title Избранные произведения немецких и французских писателей для классного и домашнего чтения
650 14 - SUBJECT ADDED ENTRY--TOPICAL TERM
Topical term or geographic name entry element Գերմանական գրականություն
9 (RLIN) 5149
700 1# - ADDED ENTRY--PERSONAL NAME
Personal name Фишер, Макс
Relator term коммент.
Relationship cmm
700 1# - ADDED ENTRY--PERSONAL NAME
Personal name Манштейн, Сергей Андреевич
Relator term изд.
Relationship pbl
Holdings
Withdrawn status Lost status Source of classification or shelving scheme Damaged status Not for loan Collection Home library Current library Date acquired Total checkouts Full call number Barcode Date last seen Price effective from Koha item type Public note
    Universal Decimal Classification     Levonyan Individual Collection Fundamental Scientific Library Fundamental Scientific Library 11/01/2017   LEV/638 FL0434061 11/01/2017 11/01/2017 Գրքեր / Books ILL Non-Circ.


ՀՀ ԳԱԱ հիմնարար գիտական գրադարան
ՀՀ,Երևան 0019
Մարշալ Բաղրամյան 24/6
հեռախոս:(374-10) 52-47-50
Հետադարձ կապ

All site content, except where otherwise noted, is licensed under a
Creative Commons License